| 000 | 00600nam a2200157Ia 4500 | ||
|---|---|---|---|
| 008 | 230907s9999||||xx |||||||||||||| ||und|| | ||
| 082 |
_a621.1 _bANE |
||
| 100 |
_aHafiz Muhammad Anees (00000274416) _9116505 |
||
| 245 | 2 | _aA mathematical model based approach to evaluate system efficiency/performance of intermittent DERs, energy storage, multiple load classes based residential DC multi-micro grids / | |
| 260 |
_aUSPCAS-E, NUST, _bIslamabad : _c2020 |
||
| 300 | _a59 p. | ||
| 520 | _aTH-205 | ||
| 650 | _aMS-EEP Thesis MS Thesis | ||
| 700 |
_aDr Syed Ali Abbas Kazmi _9117439 |
||
| 942 |
_cTHE _2ddc |
||
| 999 |
_c601884 _d601884 |
||